| 000 | 00645nam a22002172 4500 | ||
|---|---|---|---|
| 001 | 0000005192 | ||
| 005 | 20151217154351.0 | ||
| 008 | 070608s xx 000 0 eng d | ||
| 020 |
_a0201633469 : _cUSD 58.84 |
||
| 040 |
_aKABU _cKABU |
||
| 050 | 0 |
_aTK5105.585 _b.S74 |
|
| 100 | 1 |
_aStevens, W. Richard. _@0000154786 |
|
| 245 | 1 | 0 |
_aTCP/IP illustrated volume 1 : _bthe protocols. |
| 260 |
_aBoston : _bAddison-Wesley, _c1994. |
||
| 300 | _axix, 576 p. | ||
| 362 | 0 | _avol. 1. | |
| 650 | 0 |
_aTCP/IP (Computer network protocol) _@0000147962 |
|
| 908 | _a070608 | ||
| 950 | _@1 | ||
| 999 |
_c10827 _d10827 |
||